Statistiques concernant Périphrases - Série 07

Cliquez ici pour prendre le quiz!

Statistiques générales

  • Ce quiz a été pris 66 fois
  • Le résultat moyen est 4 sur 10

Statistiques - réponses

Périphrase Mot % Correct
L'empire du soleil levantJapon
98%
Le Nouveau MondeAmérique
70%
Le pays du matin calmeCorée
60%
Le pays aux mille lacsFinlande
53%
La grande bleueMéditerranée
52%
La mer de sabledésert
18%
La Sublime PorteTurquie
15%
L'Ami du peupleMarat
13%
L'Aigle de MeauxBossuet
10%
Le ventre mou de l'EuropeBalkans
7%

Distribution des résultats

Percentile par nombre de réponses

% des personnes avec chaque résultat

Votre développement - résultats

Vous n’avez pas pris ce quiz